=LDR 00000nam 2200000 4500 =001 NUTBA000000000001298 =005 20140421134533.0 =006 =007 =008 =035 ##$$a 0010-041400000000568 =082 ##$$a 028 =090 ##$$a 028 $b hul s =100 ##$$a hui ming $t seri cerita pengetahuan tentang olah raga =245 ##$$a seri cerita pengetahuan tentang olah raga =260 ##$$a Jakarta $b penerbit ama $c 2005 =300 ##$$a 45 hlm. $b ilus $c 18 cm. =850 ##$$a NBPBMAT